Xây dựng và cải tiến hệ thống đánh giá KPI để nâng cao hiệu quả làm việc của công nhân viên tại công ty cổ phần bảo dưỡng và sửa chữa công trình dầu khí : Luận văn thạc sĩ - Chuyên ngành: Quản trị kinh doanh

Zapisane w:
Opis bibliograficzny
1. autor: Nguyễn, Hồng Liên
Format: Luận văn
Język:Undetermined
Wydane: Đại học Công nghiệp TP. Hồ Chí Minh 2023
Hasła przedmiotowe:
Dostęp online:https://opac.iuh.edu.vn/TraCuuTaiLieuSo2XemChiTiet.aspx?Id=119900
Etykiety: Dodaj etykietę
Nie ma etykietki, Dołącz pierwszą etykiete!
Thư viện lưu trữ: Trung tâm Thư viện - Trường Đại học Công nghiệp TP. Hồ Chí Minh
LEADER 00928nam a2200169Ia 4500
001 UIH_02411
008 230809s9999 xx 000 0 und d
082 |a 658.3 
100 |a Nguyễn, Hồng Liên 
245 0 |a Xây dựng và cải tiến hệ thống đánh giá KPI để nâng cao hiệu quả làm việc của công nhân viên tại công ty cổ phần bảo dưỡng và sửa chữa công trình dầu khí : Luận văn thạc sĩ - Chuyên ngành: Quản trị kinh doanh 
245 0 |c Nguyễn, Hồng Liên 
260 |b Đại học Công nghiệp TP. Hồ Chí Minh 
260 |c 2023 
650 |a Quản trị kinh doanh;Quản lý nhân sự; 
856 |u https://opac.iuh.edu.vn/TraCuuTaiLieuSo2XemChiTiet.aspx?Id=119900 
927 |a Luận văn 
980 |a Trung tâm Thư viện - Trường Đại học Công nghiệp TP. Hồ Chí Minh